Vod-eko nestojí o hypermarkety
Zmena zamerania trenčianskej stavebnej spoločnosti Vod-eko. Firma v súčasnosti poskytuje komplexné stavebné služby. Orientuje sa pritom najmä na zahraničných investorov. Dopyt zahraničných firiem po výstavbe priestorov na podnikanie. Zdroje na nové technológie získala firma vďaka prácam na dokončení...
Guardado en:
| Autor principal: | |
|---|---|
| Formato: | Capítulo de libro |
| Lenguaje: | eslovaco |
| Materias: | |
| Etiquetas: |
Sin Etiquetas, Sea el primero en etiquetar este registro!
|
MARC
| LEADER | 00000naa a2200000 4500 | ||
|---|---|---|---|
| 001 | r046864 | ||
| 005 | 20230921113639.2 | ||
| 041 | 0 | |a slo | |
| 044 | |a SK | ||
| 245 | 1 | 0 | |a Vod-eko nestojí o hypermarkety |c Juraj Hrúz |
| 520 | |a Zmena zamerania trenčianskej stavebnej spoločnosti Vod-eko. Firma v súčasnosti poskytuje komplexné stavebné služby. Orientuje sa pritom najmä na zahraničných investorov. Dopyt zahraničných firiem po výstavbe priestorov na podnikanie. Zdroje na nové technológie získala firma vďaka prácam na dokončení VD Gabčíkovo. Hospodárenie Vod-eka. | ||
| 610 | 2 | 0 | |a hospodárenie finančné |
| 610 | 2 | 0 | |a hospodárenie podnikové |
| 610 | 2 | 0 | |a stavebníctvo |
| 610 | 2 | 0 | |a investori |
| 610 | 2 | 0 | |a investície zahraničné |
| 610 | 2 | 0 | |a technológie nové |
| 610 | 2 | 0 | |a Vod-eko, a.s. Trenčín |
| 100 | 1 | |a Hrúz, Juraj | |